000 00765cab a2200253 4500
001 WB3107-28
008 090401t1995 xxu||||| |||| 00| 0 eng d
035 _a(Sirsi) u3335
041 _aeng
245 _aCompulsory access to minerals
260 _c1995
350 _a0
490 _aDTI Press Notice
_v(P/95/101) 16 February 1995 (3)
520 _aA consultation document reviewing the Mines (Working Facilities and Support) Acts has been published. Comments by 31 July 1995.
650 _aACCESS TO MINERALS
650 _aCOAL
650 _aCOMPULSORY ACCESS
650 _aCONSULTATION PAPERS
650 _aMINERALS
650 _aMINES (WORKING FACILITIES AND SUPPORT) ACTS
690 _aMINING AND MINERALS
942 _n0
948 _c04/03/1997
999 _c2043
_d2043